| 000 | 00000nam 2200000zi 4500 |
| 001 | 9.948606 |
| 003 | CaOODSP |
| 005 | 20250310151254 |
| 006 | m o d f |
| 007 | cr mn||||||||| |
| 008 | 030325t20252025onc ob f000 0 eng d |
| 040 | |aCaOODSP|beng|erda|cCaOODSP |
| 043 | |an-cn--- |
| 086 | 1 |aP29-003-517-2025E-PDF |
| 245 | 00|aDiesel fuel. |
| 250 | |a[February 2025 edition]. |
| 264 | 1|aOttawa, Ontario : |bCanadian General Standards Board : |bStandards Council of Canada, |c2025. |
| 264 | 4|c©2025 |
| 300 | |a1 online resource (21 pages). |
| 336 | |atext|btxt|2rdacontent |
| 337 | |acomputer|bc|2rdamedia |
| 338 | |aonline resource|bcr|2rdacarrier |
| 490 | 1 |aNational standard of Canada ; |vCAN/CGSB-3.517-2025 |
| 500 | |a"Published February 2025." |
| 500 | |a"Experience and excellence"--Cover. |
| 500 | |aSupersedes CAN/CGSB-3.517-2020. |
| 500 | |aIssued also in French under title: Carburant diesel. |
| 500 | |aThe publication file in PDF format was replaced on 10-03-2025 as requested by the Canadian General Standards Board. |
| 504 | |aIncludes bibliographical references. |
| 520 | |a"This National Standard of Canada applies to two types of diesel fuel, Type A and Type B. Both are suitable for use in high-speed diesel engine powered equipment for on-road and off-road applications and in select equipment powered by medium speed diesel engines"--Scope, page 1. |
| 650 | 0|aDiesel fuels|xStandards|zCanada. |
| 710 | 2 |aCanadian General Standards Board, |eissuing body. |
| 710 | 2 |aStandards Council of Canada, |eissuing body. |
| 775 | 08|tCarburant diesel.|w(CaOODSP)9.948609 |
| 795 | |tDiesel fuel.|b[February 2020 edition]|w(CaOODSP)9.884942 |
| 830 | #0|aNational standard of Canada ;|vno. 3.517-2025.|w(CaOODSP)9.507848 |
| 856 | 40|qPDF|s778 KB|uhttps://publications.gc.ca/collections/collection_2025/ongc-cgsb/P29-003-517-2025-eng.pdf |
| 986 | |aICS 75.160.20|aICS 75.160.40 |